| 000 | 00593nam a22001937a 4500 | ||
|---|---|---|---|
| 003 | OSt | ||
| 005 | 20220916200133.0 | ||
| 008 | 220916b |||||||| |||| 00| 0 eng d | ||
| 040 | _cBiblioteca Lado V | ||
| 082 |
_a750 _bH565d |
||
| 100 |
_aHerrera Ysla, Nelson _etexto |
||
| 245 |
_aDialegentreilles/ _bSabanas Pintadas/ |
||
| 260 |
_aCuba _bGovern de les illes Balears _c2001 |
||
| 300 |
_a127p. _c18x30cm |
||
| 700 |
_aPascual, Joan _etexto |
||
| 700 |
_aCorominas Madurell, Maria Jose _etexto |
||
| 700 |
_aAlfonso, Gerardo _etexto |
||
| 942 |
_2ddc _c1 _h750 _iH565d _n0 |
||
| 999 |
_c2078 _d2078 |
||